Edmond Malinvaud priekopník teórie ekonomickej nerovnováhy

Profesijná bibliografia Edmoda Malinvauda, ktorý sa zapísal do ekonomickej teórie predovšetkým ako priekopník teórie ekonomickej nerovnováhy. Základné postuláty novej syntézy. Peniaze ako spojovací článok medzi dôchodkom a výdavkami. Malinvaudov prínos ku skúmaniu súvislosti: peniaze - nerovnováhy -...

Descripción completa

Guardado en:
Detalles Bibliográficos
Autor principal: Přívarová, Magdaléna, 1955-
Formato: Capítulo de libro
Lenguaje:eslovaco
Materias:
Etiquetas: Agregar Etiqueta
Sin Etiquetas, Sea el primero en etiquetar este registro!

MARC

LEADER 00000naa$a2200000$$$4500
001 0005595
005 20221207104723.7
041 0 |a slo 
044 |a SK 
245 1 0 |a Edmond Malinvaud  |b priekopník teórie ekonomickej nerovnováhy  |c aut. Magdaléna Přívarová 
520 |a Profesijná bibliografia Edmoda Malinvauda, ktorý sa zapísal do ekonomickej teórie predovšetkým ako priekopník teórie ekonomickej nerovnováhy. Základné postuláty novej syntézy. Peniaze ako spojovací článok medzi dôchodkom a výdavkami. Malinvaudov prínos ku skúmaniu súvislosti: peniaze - nerovnováhy - trhy. 
610 2 0 |a teórie ekonomické 
610 2 0 |a teória nerovnováhy ekonomickej 
610 2 0 |a Malinvaud, E. 
610 2 0 |a životopisy 
610 2 0 |a ekonómovia 
100 1 |a Přívarová, Magdaléna, 1955-